Islam dan pluralitas : perbedaan dan kemajemukan dalam bingkai persatuan

Bibliographic Details
Main Author: Muhammad Imarah
Format: Book
Published: Kuala Lumpur : Darul Fikir , 2003
Subjects:

MARC

LEADER 00000cam a2200000 7i4500
001 0000017430
005 20080526.0
008 080522
020 |a 9795615599 
090 0 0 |a 297.26   |b MUH 
100 0 |a Muhammad Imarah 
245 1 0 |a Islam dan pluralitas :   |b perbedaan dan kemajemukan dalam bingkai persatuan   |c Muhammad Imarah 
260 |a Kuala Lumpur :   |b Darul Fikir ,   |c 2003 
650 0 |a Islam and politics 
650 0 |a Religious life   |x Islam 
999 |a 0001004933   |b Book   |c Adult Collection   |e Perbadanan Perpustakaan Awam Johor 
999 |a 0001004934   |b Book   |c Adult Collection   |e Perbadanan Perpustakaan Awam Johor 
999 |a 0001004935   |b Book   |c Adult Collection   |e Cawangan Batu Pahat